000 00771nam a2200253Ia 4500
003 OSt
005 20221005024807.0
006 a|||||r|||| 00| 0
007 ta
008 221004b |||||||| |||| 00| 0 ara d
020 _a977316246x (hbk)
_c950
024 _a118508
037 _b255, 23/03/2012, Nadwi Publications
_cTextual
040 _aCRL
_cCRL
_bara
041 _2ara
_aara
082 _aO28,3v674, P7
100 _aQainah Umar Bin Au.
_9581104
245 0 _aAl-qissatul arbiatul libiyatul qasirah
260 _aCairo
_bDaral - Nashr
_c2007
300 _a327p.
_ccm.
650 _aARABIC FICTION
_964594
942 _hO28,3v674, P7
_cTEXL
_2cc
999 _c933476
_d933476